| 000 | 00442cam a22001217a 4500 | ||
|---|---|---|---|
| 008 | 180718b1965 xxu||||| |||| 00| 0 eng d | ||
| 082 | _aY26x54 N213d | ||
| 245 |
_aDemand for energy in Western India _cby National Council of Applied Economic Research |
||
| 260 |
_aNew Delhi _bNational Council of Applied Economic Research _c1965 |
||
| 300 | _a221p. | ||
| 650 | _aPower resources --India | ||
| 700 | _aNational Council of Applied Economic Research | ||
| 999 |
_c375317 _d375317 |
||